Say what you mean: (Record no. 158008)

MARC details
000 -LEADER
fixed length control field 00733nam a22001937a 4500
005 - DATE AND TIME OF LATEST TRANSACTION
control field 20181013103911.0
010 ## - LCCN (DPL NO)
LC control number ENG-124269
020 ## - INTERNATIONAL STANDARD BOOK NUMBER
Terms of availability 400.00 set of three books
International Standard Book Number 9788182652552
035 ## - SYSTEM CONTROL NUMBER
System control number EN-107801
037 ## - SOURCE OF ACQUISITION
Source of stock number/acquisition DBAD/PUB.
082 ## - DEWEY DECIMAL CLASSIFICATION NUMBER
Classification number 488.24
100 ## - MAIN ENTRY--PERSONAL NAME
Personal name Jayaraj, P.K
245 ## - TITLE STATEMENT
Title Say what you mean:
Statement of responsibility, etc by P.K. Jayaraj
Remainder of title Develop your communication skills /
260 ## - PUBLICATION, DISTRIBUTION, ETC. (IMPRINT)
Place of publication, distribution, etc Keralam
Name of publisher, distributor, etc Mathrubhumi Printing & Publishing Co. ltd.
Date of publication, distribution, etc 2012
270 ## - ADDRESS
Address No.46, M J Krishnamohan Memorial Building, K P Kesava Menon Road, Calicut HO, Kozhikode
City Keralam
Postal code 673001
300 ## - PHYSICAL DESCRIPTION
Extent 238p.
Dimensions 20cm(pbk)
500 ## - GENERAL NOTE
General note same ISBN No. When words bloom : read and respond to literature
942 ## - ADDED ENTRY ELEMENTS (KOHA)
Source of classification or shelving scheme Dewey Decimal Classification
Item type English Books
Call number suffix JAY
Classification part 488.24
Holdings
Withdrawn status Lost status Not for loan Collection code Home library Current library Date acquired Source of acquisition Cost, normal purchase price Full call number Barcode Copy number Cost, replacement price Koha item type
    Not For Loan Non-fiction D.B.Act.Division Bawana 14/10/2018 DBAD/PUB 400.00 488.24 JAY EN-107801 1 400.00 English Books

© Delhi Public Library
Hit Counter
free hit counter